Diccionario de la Constitucin̤ Mexicana Jerarqua̕ y vinculacin̤ de sus conceptos /

Bibliographic Details
Main Author: Instituto Mexicano Estrategia
Format: eBook
Language:Spanish
Published: Estado de Mx̌ico: SIEMx̌ico, 2017
Subjects:
Online Access:Acceso restringido

MARC

LEADER 00000nam a22000007a 4500
005 20180104160925.0
007 cr|||| ||||
008 180104s2017 mx |||||s|||| 00||0 spa d
020 |a 978-607-401-834-9 
035 |a 20944 
040 |a vLex 
090 |c 7355  |d 7355 
100 1 |a Instituto Mexicano Estrategia 
245 1 0 |a  Diccionario de la Constitucin̤ Mexicana  |h [Recurso electrn̤ico]:  |b Jerarqua̕ y vinculacin̤ de sus conceptos /  |c Instituto Mexicano Estrategia  
256 |a Servicio en ln̕ea 
260 |a Estado de Mx̌ico:  |b SIEMx̌ico,  |c 2017 
300 |a 1 recurso electrn̤ico 
506 1 |a Disponible solo en los productos indicados  |d vLex Global  |d vLex Global (Academic Edition, excluding Law Schools)  |d vLex Global (U.S. Academic Edition, Law Schools)  |d vLex Global (U.S. Academic Edition, excluding Law Schools)  |d vLex Global (Academic Edition, Law Schools) 
650 0 4 |a Derecho Constitucional  |z Mx̌ico 
740 0 |a vLex Libros (Servicio en ln̕ea) 
856 4 0 |u http://vlex.com/source/diccionario-constitucion-mexicana-20944  |z Acceso restringido 
942 |c BOOK 
999 0 |a Constitutional law